000 00913nam a22002297a 4500
999 _c11092
_d11092
003 AR-CdUCM
008 190402b ||||| |||| 00| 0 spa d
040 _aMUNICIPALIDAD PROVINCIAL DEL CUSCO
_cBIBLIOTECA MUNICIPAL DEL CUSCO
082 _a345.7 /
_bAZ97 / 1944.
100 _aCarnelutti, Francisco
_928246
245 _aSistema de derecho procesal civil :
_bII composicion del proceso /
260 _aBuenos Aires :
_bHispano americana,
_c1944.
300 _a731 paginas ;
_c24 cm.
505 _aContenido : De la estructura del proceso -- De la composición del proceso -- De los elementos del litigio -- De los elementos del proceso -- De las partes...
650 _aElementos del proceso
_928247
650 _aContrapretención
_928248
650 _aEscalafón judicial
_928249
650 _aAcuerdo preventivo
_928250
650 _aMiembros del oficio
_928251
942 _2ddc
_cLIBROS
945 _awnts